জীববিজ্ঞান দ্বিতীয় পত্র একাদশ-দ্বাদশ শ্রেণি / (Record no. 5446)
[ view plain ]
| 000 -LEADER | |
|---|---|
| fixed length control field | 00736nam a2200217 a 4500 |
| 001 - CONTROL NUMBER | |
| JCCL Control Number | 5446 |
| 003 - CONTROL NUMBER IDENTIFIER | |
| JCCL marc code | BD-JhCC |
| 005 - DATE AND TIME OF LATEST TRANSACTION | |
| control field | 20220803134023.0 |
| 008 - FIXED-LENGTH DATA ELEMENTS--GENERAL INFORMATION | |
| fixed length control field | 171214s20162017bg a|||| || | 000 0 ben d |
| 035 ## - SYSTEM CONTROL NUMBER | |
| system control number | (BD-JhCC)5446 |
| 040 ## - CATALOGING SOURCE | |
| Original cataloging agency | BD-JhCC |
| Modifying agency | BD-JhCC |
| 041 ## - LANGUAGE CODE | |
| Language code of Book | ben |
| 082 ## - DEWEY DECIMAL CLASSIFICATION NUMBER | |
| Classification number | 570 |
| Author mark and Year | BIO 2017 |
| 245 ## - TITLE STATEMENT | |
| Title | জীববিজ্ঞান দ্বিতীয় পত্র একাদশ-দ্বাদশ শ্রেণি / |
| Statement of responsibility, etc | মাজেদা বেগম ... [et. all]. |
| 260 ## - PUBLICATION, DISTRIBUTION, ETC. (IMPRINT) | |
| Place of publication, distribution, etc | ঢাকা : |
| Name of publisher, distributor, etc | কাজল ব্রাদার্স লিমিটেড, |
| Date of publication, distribution, etc | 2017. |
| 300 ## - PHYSICAL DESCRIPTION | |
| Pagination | 616 p. : |
| Dimensions | 24 cm. |
| 650 ## - SUBJECT ADDED ENTRY--TOPICAL TERM | |
| Topical term or geographic name as entry element | Biology |
| 700 ## - ADDED ENTRY--PERSONAL NAME | |
| Personal name | বেগম, মাজেদা |
| 942 ## - ADDED ENTRY ELEMENTS (KOHA) | |
| Source of classification or shelving scheme | Dewey Decimal Classification |
| Koha item type | Books |
| Koha issues (borrowed), all copies | 19 |
| Source of classification or shelving scheme | Damaged status | Not for loan | Home library | Current library | Shelving location | Date of accession | Cost, normal purchase price | Total Checkouts | Full call number | Barcode | Checked out | Date last seen | Date checked out | Copy number | Koha item type |
|---|---|---|---|---|---|---|---|---|---|---|---|---|---|---|---|
| Dewey Decimal Classification | JCC Rouf Library | JCC Rouf Library | General Stacks | 04/30/2024 | 360.00 | 4 | 570 BIO 2017 | 7616 | 03/20/2025 | 02/24/2025 | 02/24/2025 | C-1 | Books | ||
| Dewey Decimal Classification | JCC Rouf Library | JCC Rouf Library | General Stacks | 08/28/2019 | 282.00 | 2 | 570 BIO 2019 | 15554 | 09/22/2022 | 08/02/2022 | C-2 | Books | |||
| Dewey Decimal Classification | JCC Rouf Library | JCC Rouf Library | General Stacks | 08/28/2019 | 282.00 | 7 | 570 BIO 2019 | 15553 | 07/24/2024 | 07/14/2024 | C-3 | Books | |||
| Dewey Decimal Classification | JCC Rouf Library | JCC Rouf Library | General Stacks | 08/28/2019 | 282.00 | 9 | 570 BIO 2019 | 15552 | 07/25/2024 | 07/15/2024 | C-4 | Books |